000 00645nam a22002297a 4500
003 UA-OsUOA
001 94469
007 ta
008 20130211b un ||||| |||| 00| 0 ukr d
100 _aДавыдова Н.
090 _a821.161.1
_bД13
942 _cBK
040 _aUA-OsUOA
_brus
_cUA-OsUOA
_dUA-OsUOA
245 _aВыбор оружия
_bповесть об Александре Вермишеве
300 _a269 с.
955 _a3
041 _arus
080 _a821.161.1
260 _aМ.
_bПолитиздат
_c1989
650 7 _a82 Література. Літературознавство
_2UDC
999 _c380728
_d380728